Clásicos latinoamericanos: para una relectura del canon

Uloženo v:
Podrobná bibliografie
Hlavní autor: Rojo, Grínor (Autor)
Médium: Kniha
Jazyk:španělština
Vydáno: Santiago Lom 2011
Vydání:1a. ed
Edice:Colección Texto sobre Texto
Témata:
Tagy: Přidat tag
Žádné tagy, Buďte první, kdo vytvoří štítek k tomuto záznamu!

MARC

LEADER 00000cam a2200000 a 4500
001 UCG8713
003 CL-VaPUC
008 111223e20110000CL |||||||||||||||||spa|d
020 |a 9789560002679v.1 
020 |a 9789560002686v.2 
082 0 4 |a 860  |b ROJ  |2 21 
100 0 |a Rojo, Grínor  |e author  |9 559833 
245 1 0 |a Clásicos latinoamericanos: para una relectura del canon 
250 |a 1a. ed 
300 |a v 
942 |c BK 
945 |d 20111223 00:00:00  |a dcastane 
260 |a Santiago  |b Lom  |c 2011 
500 |a v.1: El siglo XIX 
500 |a v.2: El siglo XX 
650 0 |a Literatura latinoamericana  |9 309997 
650 0 |a Crítica e interpretación   |9 255042 
583 |a last modification  |c 20111223 12:06:00  |k Rodrigo Vera 
490 0 |a Colección Texto sobre Texto 
999 |c 346311  |d 346309 
952 |0 0  |1 0  |4 0  |6 860_000000000000000_ROJ_2011  |7 0  |8 A  |9 446964  |a FDOPOS  |b FDOPOS  |d 2019-11-22  |h v.1  |i 481746K  |o 860 ROJ 2011  |p 481746K  |r 2025-01-22  |w 2019-11-22  |y BK  |k DLH 
952 |0 0  |1 0  |4 0  |6 860_000000000000000_ROJ_2011  |7 0  |8 A  |9 446965  |a FDOPOS  |b FDOPOS  |d 2019-11-22  |h v.2  |i 4817567  |o 860 ROJ 2011  |p 4817567  |r 2025-01-22  |w 2019-11-22  |y BK  |k DLH 
952 |0 0  |1 0  |4 0  |6 860_000000000000000_ROJ_2011  |7 0  |8 A  |9 446966  |a BIBING  |b BIBING  |d 2019-11-22  |h v.2  |i 4871340  |o 860 ROJ 2011  |p 4871340  |r 2025-01-20  |w 2019-11-22  |y BK  |k CUI 
952 |0 0  |1 0  |4 0  |6 860_000000000000000_ROJ_2011  |7 0  |8 A  |9 446967  |a BIBING  |b BIBING  |d 2019-11-22  |h v.1  |i 4871332  |o 860 ROJ 2011  |p 4871332  |r 2025-01-20  |w 2019-11-22  |y BK  |k CUI